000 00590nam a2200133Ia 4500
008 220620s9999||||xx |||||||||||||| ||und||
020 _a9780260000000
100 _aGilbert, Richard J.
245 0 _aInnovation Matters
_bCompetition Policy for the High-Technology Economy
546 _aEnglish[eng]
650 _acompetition||innovation||antitrust||mergers||acquisitions||research and development||R&D||monopoly||antitrust policy||Google||Microsoft||European Commission||Justice Department||FTC||Arrow||Schumpeter
856 _uhttps://doi.org/10.7551/mitpress/12686.001.0001
942 _cEB
999 _c21997
_d21997